| 000 | 00567cam a2200193 a 4500 | ||
|---|---|---|---|
| 001 | 000018210 | ||
| 005 | 20200929165413.0 | ||
| 008 | 840627s1956 fr 000 1 fre d | ||
| 040 |
_aDO-SdBNP _bfre _cLC _dBNPHU |
||
| 082 |
_a843.914 _bB363q |
||
| 100 | 1 |
_aBazin, Herve, _d1911-1996. _913820 |
|
| 245 | 1 | 0 |
_aQui j'ose aimer : _broman / _cHervé Bazin. |
| 260 |
_aParis : _bEditions Grasset, _c1956. |
||
| 300 |
_a315 p. ; _c16 cm. |
||
| 650 | 4 |
_aNovela francesa _91075 |
|
| 650 | 4 |
_aLiteratura francesa _91074 |
|
| 910 | _aCatalogación por copia / LC | ||
| 049 | _aBNGR | ||
| 999 |
_c17731 _d17731 |
||